000 00384 a2200157 4500
001 181514
020 _a
040 _cMagnum
100 _aCardoso, Wlamir Thomazi
240 1 0 _aCaminhos da ciencia: guia para o professor
_lpor
245 1 0 _aCaminhos da ciencia: guia para o professor
362 0 _a1899
440 1 _aScipione
697 _aMAGNITO: PARADIDATICOS
942 _cBK
999 _c181514
_d181514